Jižní Plzeňsko ... : historickovlastivědný sborník Muzea jižního Plzeňska v Blovicích
| Předchozí název: |
Zpravodaj (Muzeum Jižního Plzeňska (Blovice, Česko)) |
|---|---|
| Korporativní autor: | Muzeum Jižního Plzeňska (Blovice, Česko) |
| Jazyk: | Čeština |
| Vydáno: |
Blovice : Muzeum jižního Plzeňska v Blovicích, 2003- Plzeň : Petr Mikota |
| Témata: | |
| Fyzický popis: |
^^^svazků : ilustrace (některé barevné), mapy, portréty, faksimile ; 21 cm |
| Odebírané svazky: |
1(2003)-23(2025)- |
Noviny a časopisy
| LEADER | 06431cas a2201081 i 4500 | ||
|---|---|---|---|
| 001 | nkc20051296481 | ||
| 003 | CZ PrNK | ||
| 005 | 20260417130520.0 | ||
| 007 | ta | ||
| 008 | 031217c20039999xr ar 0 b0cze | ||
| 015 | |a cnb001296481 | ||
| 022 | |a 3029-8172 | ||
| 035 | |a (OCoLC)85149315 | ||
| 040 | |a ABA001 |b cze |d OLA001 |d BOA001 |e rda | ||
| 043 | |a e-xr--- |b e-xr-pl |2 czenas | ||
| 072 | 7 | |a 908(437) |x Vlastivěda Česka a Slovenska |2 Konspekt |9 8 | |
| 080 | |a 908(437.317) |2 MRF | ||
| 080 | |a (437.317) |2 MRF | ||
| 080 | |a (062.552) |2 MRF | ||
| 210 | 1 | |a Již. Plzeň. | |
| 222 | 0 | |a Jižní Plzeňsko ... | |
| 245 | 0 | 0 | |a Jižní Plzeňsko ... : |b historickovlastivědný sborník Muzea jižního Plzeňska v Blovicích |
| 246 | 3 | 0 | |a Historickovlastivědný sborník Muzea jižního Plzeňska v Blovicích |
| 246 | 1 | 2 | |a 100 let muzejní činnosti v Blovicích |f XI (2013) |
| 264 | 1 | |a Blovice : |b Muzeum jižního Plzeňska v Blovicích, |c 2003- | |
| 264 | 2 | 1 | |3 2004-2010 |a Plzeň : |b Petr Mikota |
| 300 | |a ^^^svazků : |b ilustrace (některé barevné), mapy, portréty, faksimile ; |c 21 cm | ||
| 310 | |a 1x ročně | ||
| 336 | |a text |b txt |2 rdacontent | ||
| 337 | |a bez média |b n |2 rdamedia | ||
| 338 | |a svazek |b nc |2 rdacarrier | ||
| 362 | 0 | |a I/2003- | |
| 500 | |a Součástí názvu je římská číslice | ||
| 541 | |c pv-r | ||
| 500 | |a Některé svazky s vlastními tematickými podnázvy | ||
| 500 | |a Svazek XIX-XX (2021-2022) vydán jako dvojčíslo | ||
| 500 | |a Jednotlivé svazky mají ISBN | ||
| 651 | 7 | |a Plzeň (Česko : jižní oblast) |7 ge206414 |x vlastivěda a dějiny |2 czenas | |
| 651 | 9 | |a Plzeň Region, Southern (Czechia) |x local history and geography |2 eczenas | |
| 655 | 7 | |a sborníky |7 fd724344 |2 czenas | |
| 655 | 9 | |a papers |2 eczenas | |
| 710 | 2 | |a Muzeum Jižního Plzeňska (Blovice, Česko) |7 xx0014069 |4 pbl | |
| 780 | 0 | 0 | |t Zpravodaj (Muzeum Jižního Plzeňska (Blovice, Česko)) |
| 902 | |a 80-86596-33-8 |q (I, 2003 ; |q brožováno) | ||
| 902 | |a 80-86596-44-3 |q (II, 2004 ; |q brožováno) | ||
| 902 | |a 80-86596-69-9 |q (III, 2005 ; |q brožováno) | ||
| 902 | |a 80-86596-84-2 |q (IV, 2006 ; |q brožováno) | ||
| 902 | |a 978-80-86596-92-1 |q (V, 2007 ; |q brožováno) | ||
| 902 | |a 978-80-87170-05-2 |q (VI, 2008 ; |q brožováno) | ||
| 902 | |a 978-80-87170-12-0 |q (VII, 2009 ; |q brožováno) | ||
| 902 | |a 978-80-87495-01-8 |q (VIII, 2010 ; |q brožováno) | ||
| 902 | |a 978-80-87495-04-9 |q (IX, 2011 ; |q brožováno) | ||
| 902 | |a 978-80-87495-07-0 |q (X, 2012 ; |q brožováno) | ||
| 902 | |a 978-80-87495-09-4 |q (XI, 2013 ; |q brožováno) | ||
| 902 | |a 978-80-87495-12-4 |q (XII, 2014 ; |q brožováno) | ||
| 902 | |a 978-80-87495-13-1 |q (XIII, 2015 ; |q brožováno) | ||
| 902 | |a 978-80-87495-15-5 |q (XIV, 2016 ; |q brožováno) | ||
| 902 | |a 978-80-87495-16-2 |q (XV, 2017 ; |q brožováno) | ||
| 902 | |a 978-80-87495-21-6 |q (XVI, 2018 ; |q brožováno) | ||
| 902 | |a 978-80-87495-22-3 |q (XVII, 2019 ; |q brožováno) | ||
| 902 | |a 978-80-87495-24-7 |q (XVIII, 2020 ; |q brožováno) | ||
| 902 | |a 978-80-87495-25-4 |q (XIX-XX, 2021-2022 ; |q brožováno) | ||
| 902 | |a 978-80-87495-27-8 |q (XXI, 2023 ; |q brožováno) | ||
| 902 | |a 978-80-87495-31-5 |q (XXII, 2024 ; |q brožováno) | ||
| 902 | |a 978-80-87495-33-9 |q (XXIII, 2025 ; |q brožováno) | ||
| 910 | 2 | |a BOA001 |b 00021-1115.798 |s 1(2003)-23(2025)- | |
| 920 | |a 000694209 | ||
| 928 | 9 | |a Petr Mikota | |
| 990 | |a SE | ||
| 995 | |a 01 | ||
| 991 | |b 202302 | ||
| 996 | 6 | |b 2610206622 |c 00021-1115.798 |d 2003 |v 2003 |y 2003 |l MZK |r Sklad / do 1 hodiny |n 3 |p p.v. |w 000694209 |u 000010 |a 1 |e BOA001 |j MZK50 |s P | |
| 996 | 6 | |b 2610238018 |c 00021-1115.798 |d 2004 2 |v 2 |y 2004 |l MZK |r Sklad / do 1 hodiny |n 1 |p p.v. |w 000694209 |u 000020 |a 1 |e BOA001 |j MZK50 |s P | |
| 996 | 6 | |b 2610256762 |c 00021-1115.798 |d 2005 3 |v 3 |y 2005 |l MZK |r Sklad / do 1 hodiny |n 0 |p p.v. |w 000694209 |u 000030 |a 1 |e BOA001 |j MZK50 |s P | |
| 996 | 6 | |b 2610299646 |c 00021-1115.798 |d 2006 4 |v 4 |y 2006 |l MZK |r Sklad / do 1 hodiny |n 1 |p p.v. |w 000694209 |u 000040 |a 1 |e BOA001 |j MZK50 |s P | |
| 996 | 6 | |b 2610325743 |c 00021-1115.798 |d 2007 5 |v 5 |y 2007 |l MZK |r Sklad / do 1 hodiny |n 0 |p p.v. |w 000694209 |u 000050 |a 1 |e BOA001 |j MZK50 |s P | |
| 996 | 6 | |b 2610363868 |c 00021-1115.798 |d 2008 6 |v 6 |y 2008 |l MZK |r Sklad / do 1 hodiny |n 1 |p p.v. |w 000694209 |u 000060 |a 1 |e BOA001 |j MZK50 |s P | |
| 996 | 6 | |b 2610396937 |c 00021-1115.798 |d 2009 7 |v 7 |y 2009 |l MZK |r Sklad / do 1 hodiny |n 2 |p p.v. |w 000694209 |u 000070 |a 1 |e BOA001 |j MZK50 |s P | |
| 996 | 6 | |b 2610454751 |c 00021-1115.798 |d 2010 8 |v 8 |y 2010 |l MZK |r Sklad / do 1 hodiny |n 0 |p p.v. |w 000694209 |u 000080 |a 1 |e BOA001 |j MZK50 |s P | |
| 996 | 6 | |b 2610498568 |c 00021-1115.798 |d 2011 9 |v 9 |y 2011 |l MZK |r Sklad / do 1 hodiny |n 1 |p p.v. |w 000694209 |u 000090 |a 1 |e BOA001 |j MZK50 |s P | |
| 996 | 6 | |b 2610533924 |c 00021-1115.798 |d 2012 10 |v 10 |y 2012 |l MZK |r Sklad / do 1 hodiny |n 0 |p p.v. |w 000694209 |u 000100 |a 1 |e BOA001 |j MZK50 |s P | |
| 996 | 6 | |b 2610578326 |c 00021-1115.798 |d 2013 11 |v 11 |y 2013 |l MZK |r Sklad / do 1 hodiny |n 1 |p p.v. |w 000694209 |u 000110 |a 1 |e BOA001 |j MZK50 |s P | |
| 996 | 6 | |b 2610615673 |c 00021-1115.798 |d 2014 12 |v 12 |y 2014 |l MZK |r Sklad / do 1 hodiny |n 0 |p p.v. |w 000694209 |u 000120 |a 1 |e BOA001 |j MZK50 |s P | |
| 996 | 6 | |b 2610657423 |c 00021-1115.798 |d 2015 13 |v 13 |y 2015 |l MZK |r Sklad / do 1 hodiny |n 0 |p p.v. |w 000694209 |u 000130 |a 1 |e BOA001 |j MZK50 |s P | |
| 996 | 6 | |b 2610698498 |c 00021-1115.798 |d 2016 14 |v 14 |y 2016 |l MZK |r Sklad / do 1 hodiny |n 0 |p p.v. |w 000694209 |u 000140 |a 1 |e BOA001 |j MZK50 |s P | |
| 996 | 6 | |b 2610729122 |c 00021-1115.798 |d 2017 15 |v 15 |y 2017 |l MZK |r Sklad / do 1 hodiny |n 2 |p p.v. |w 000694209 |u 000150 |a 1 |e BOA001 |j MZK50 |s P | |
| 996 | 6 | |b 2610770683 |c 00021-1115.798 |d 2018 16 |v 16 |y 2018 |l MZK |r Sklad / do 1 hodiny |n 0 |p p.v. |w 000694209 |u 000160 |a 1 |e BOA001 |j MZK50 |s P | |
| 996 | 6 | |b 2610815833 |c 00021-1115.798 |d 2019 17 |v 17 |y 2019 |l MZK |r Sklad / do 1 hodiny |n 0 |p p.v. |w 000694209 |u 000170 |a 1 |e BOA001 |j MZK50 |s P | |
| 996 | 6 | |b 2610867131 |c 00021-1115.798 |d 2020 18 |v 18 |y 2020 |l MZK |r Sklad / do 1 hodiny |n 0 |p p.v. |w 000694209 |u 000180 |a 1 |e BOA001 |j MZK50 |s P | |
| 996 | 6 | |b 2610932084 |c 00021-1115.798 |d 2022 19-20 |v 19-20 |y 2022 |l MZK |r Sklad / do 1 hodiny |n 0 |p p.v. |w 000694209 |u 000190 |a 1 |e BOA001 |j MZK50 |s P | |
| 996 | 6 | |b 2610968014 |c 00021-1115.798 |d 2023 21 |v 21 |y 2023 |l MZK |r Sklad / do 1 hodiny |n 0 |p p.v. |w 000694209 |u 000200 |a 1 |e BOA001 |j MZK50 |s P | |
| 996 | 6 | |b 2611002232 |c 00021-1115.798 |d 2024 22 |v 22 |y 2024 |l MZK |r Sklad / do 1 hodiny |n 0 |p p.v. |w 000694209 |u 000210 |a 1 |e BOA001 |j MZK50 |s P | |
| 996 | 6 | |b 2611026652 |c 00021-1115.798 |d 2025 23 |v 23 |y 2025 |l MZK |r Sklad / do 1 hodiny |n 0 |p p.v. |w 000694209 |u 000220 |a 1 |e BOA001 |j MZK50 |s P | |
English
Čeština 